India's nuclear journey post Kargil (Record no. 511709)

000 -LEADER
fixed length control field 00399nam a2200133 4500
008 - FIXED-LENGTH DATA ELEMENTS--GENERAL INFORMATION
fixed length control field 191004b ||||| |||| 00| 0 eng d
100 ## - MAIN ENTRY--PERSONAL NAME
Personal name Menon, Prakash
245 ## - TITLE STATEMENT
Title India's nuclear journey post Kargil
260 ## - PUBLICATION, DISTRIBUTION, ETC. (IMPRINT)
Name of publisher, distributor, etc Journal of Defence Studies
300 ## - PHYSICAL DESCRIPTION
Extent 13(3), Jul-Sep, 2019: p.139-153.
773 ## - HOST ITEM ENTRY
Main entry heading Journal of Defence Studies
906 ## - LOCAL DATA ELEMENT F, LDF (RLIN)
Subject DIP Nuclear weapons - India
942 ## - ADDED ENTRY ELEMENTS (KOHA)
Source of classification or shelving scheme
Item type Articles
Holdings
Withdrawn status Lost status Source of classification or shelving scheme Damaged status Not for loan Permanent location Current location Date acquired Serial Enumeration / chronology Barcode Date last seen Koha item type
          Indian Institute of Public Administration Indian Institute of Public Administration 2019-10-04 13(3), Jul-Sep, 2019: p.139-153. AR121225 2019-10-04 Articles

Powered by Koha